| 000 | 00524cam a22001574a 4500 | ||
|---|---|---|---|
| 005 | 20250605164354.0 | ||
| 008 | 250528s ||||||||||||||||||||||||d | ||
| 035 | _a24243 | ||
| 040 |
_aGR-AtMCL _bgre _dGR-AtMCL _eAACR2 |
||
| 245 | 1 | _aFirst International Decade for the Eradication of Poverty 1997-2006 / 1996 International Year for the Eradication of Poverty | |
| 260 |
_aNew York, NY, _c1996 |
||
| 710 | 2 |
_aUnited Nations Department Of Public Information _99830 |
|
| 942 | _cCR | ||
| 999 |
_c9134 _d9134 |
||